000 01872nam a22004571i 4500
001 bslw10117477
005 20240305165703.0
006 m o d
007 cr un ---uuuua
008 240111t20222022sp ob 101 0dspa d
020 _a9788411226585
_q(obra completa)
020 _a9789942604552
_q(tomo1)
020 _a9788411702591
_q(tomo 1 electrónico)
020 _a9789942604569
_q(tomo 2)
020 _a9788411702607
_q(tomo 2 electrónico)
035 _a41930
035 _a41931
040 _aUtOrBLW
_beng
_erda
_cUtOrBLW
043 _as-ec---
_acl-----
050 4 _aF3736.G3
_bG33 2022
082 0 4 _a986.606092
_223
245 0 0 _aGabriel García Moreno, el estadista y el hombre :
_breflexiones en el bicentenario de su nacimiento /
_cMiguel Ayuso Torres, Álvaro R. Mejía Salazar (directores).
264 1 _aMadrid ;
_aQuito, Ecuador :
_bDykinson, S.L. :
_bUniversidad Andina Simón Bolívar, Sede Ecuador,
_c[2022]
264 4 _c©2022
300 _a1 online resource (2 volumes)
336 _atext
_btxt
_2rdacontent
337 _acomputer
_bc
_2rdamedia
338 _aonline resource
_bcr
_2rdacarrier
490 1 _aRes publica
505 0 _aTiempo, pensamiento, huella e imagen de García Moreno -- Hispanoamérica entre la tradición y la revolución : el ultramontanismo hispanoamericano.
504 _aIncludes bibliographical references and index.
600 1 0 _aGarcía Moreno, Gabriel,
_d1821-1875
_vCongresses.
650 0 _aPresidents
_zEcuador
_vBiography
_vCongresses.
650 0 _aUltramontanism
_zLatin America
_vCongresses.
700 1 _aAyuso Torres, Miguel,
_eeditor.
700 1 _aMejía Salazar, Alvaro R.
_q(Alvaro Renato),
_d1982-
_eeditor.
830 0 _aRes publica (Editorial Dykinson)
856 4 0 _uhttps://app.vlex.com/#/sources/41930
856 4 0 _uhttps://app.vlex.com/#/sources/41931
942 _cRAA
999 _c173548
_d173548